El movimiento estudiantil venezolano: narrativas, polarización social y públicos antagónicos /

Kaydedildi:
Detaylı Bibliyografya
Yazar: García-Guadilla, María Pilar
Materyal Türü: Metin
Etiketler: Etiketle
Etiket eklenmemiş, İlk siz ekleyin!

MARC

LEADER 00000 a a2200000 04500
001 46363
003
040
100 |a García-Guadilla, María Pilar  
245 |a El movimiento estudiantil venezolano:   |b narrativas, polarización social y públicos antagónicos /  |c María Pilar García-Guadilla, Ana L. Mallén  
773 |g volumen27, número73 (2010), páginas 71-95  
999 |c 25457  |d 25457